Geography Quiz

Random Geography or City Quiz
Score 0/149 Timer 20:00
0 Plays Today
Country, Territory City, Town % Correct
UkraineKyiv
95.5%
AfghanistanKabul
94.2%
PakistanKarachi
94.2%
U.K.Kingston upon Hull
93.7%
TogoKara
93.3%
JamaicaKingston
93.3%
D.R. CongoKinshasa
93.3%
PolandKraków
90.1%
UgandaKampala
88.3%
NepalKathmandu
87.9%
SudanKhartoum
87%
MalaysiaKuala Lumpur
87%
RwandaKigali
86.5%
IndiaKolkata
85.7%
NigeriaKano
82.5%
United StatesKansas City
81.2%
JapanKobe
76.7%
RussiaKazan
73.1%
LithuaniaKaunas
70.9%
St. Vincent & ...Kingstown
69.1%
SlovakiaKošice
62.8%
GhanaKumasi
62.8%
GermanyKarlsruhe
59.2%
TurkeyKonya
57.8%
KuwaitKuwait City
55.6%
IraqKirkuk
54.7%
ChinaKunming
54.3%
TaiwanKaohsiung
50.2%
AustriaKlagenfurt
46.2%
KazakhstanKaraganda
43%
FinlandKuopio
42.2%
SerbiaKragujevac
42.2%
GeorgiaKutaisi
40.8%
NorwayKristiansand
40.4%
ZambiaKitwe
36.8%
CanadaKitchener
36.3%
SwedenKarlstad
33.2%
IranKaraj
33.2%
MacedoniaKumanovo
32.3%
HungaryKecskemét
31.8%
BangladeshKhulna
30.9%
IcelandKópavogur
30%
PalauKoror
27.8%
BelgiumKortrijk
27.8%
MoroccoKénitra
27.8%
SloveniaKranj
26.9%
CroatiaKarlovac
26.9%
DenmarkKolding
26%
AlbaniaKorçë
24.7%
French GuianaKourou
20.2%
Country, Territory City, Town % Correct
CzechiaKladno
20.2%
South AfricaKimberley
19.3%
SomaliaKismaayo
18.8%
TunisiaKairouan
17.9%
MontenegroKotor
16.6%
Papua N.G.Kimbe
15.7%
BeninKandi
15.2%
KyrgyzstanKarakol
14.8%
GuineaKankan
14.8%
KenyaKisumu
14.8%
IndonesiaKupang
14.8%
SenegalKaolack
14.3%
EstoniaKohtla-Järve
13.9%
TanzaniaKigoma
13.9%
EritreaKeren
13.5%
TajikistanKhujand
13.5%
IrelandKillarney
13%
Sierra LeoneKenema
12.6%
BonaireKralendijk
12.1%
LatviaKuldīga
12.1%
ArmeniaKapan
12.1%
GreeceKaterini
12.1%
IsraelKfar Saba
12.1%
North KoreaKaechon
11.7%
Faroe Isl.Klaksvík
11.2%
MaliKayès
10.8%
ChadKélo
10.3%
Burkina FasoKoudougou
10.3%
SwitzerlandKöniz
9.9%
Saudi ArabiaKhamis Mushait
9.9%
New CaledoniaKoné
9%
AngolaKuito
9%
MyanmarKale
9%
PalestineKhan Yunis
9%
MauritaniaKiffa
8.5%
Côte d'IvoireKorhogo
8.5%
Guinea-BissauKomo
8.1%
ZimbabweKwekwe
8.1%
CameroonKumba
8.1%
Bosnia & H.Kakanj
7.2%
MongoliaKhovd
7.2%
Marshall Isl.Kili
6.7%
NamibiaKatima Mulilo
6.7%
AustraliaKalgoorlie-Boulder
6.7%
NetherlandsKatwijk
6.7%
BotswanaKanye
6.7%
LibyaKhoms
6.7%
PhilippinesKoronadal
6.3%
New ZealandKapiti
5.8%
LiberiaKakata
5.4%
Country, Territory City, Town % Correct
U.A.E.Khor Fakkan
5.4%
MayotteKoungou
4.9%
Solomon Isl.Kirakira
4.9%
NigerKollo
4.9%
BulgariaKardzhali
4.9%
CambodiaKampong Cham
4.9%
ThailandKhon Kaen
4.9%
EgyptKafr-el Sheikh
4.9%
MicronesiaKitti
4.5%
FranceKingersheim
4.5%
Centr.Afr.Rep.Kaga-Bandoro
4.5%
TurkmenistanKonye-Urgench
4.5%
BelarusKobryn
4.5%
TuvaluKulia
4%
HaitiKenscoff
4%
MalawiKaronga
4%
GabonKoulamoutou
3.6%
MexicoKanasín
3.6%
Turks & CaicosKew Town
3.1%
TongaKolonga
3.1%
South SudanKapoeta
3.1%
KosovoKaçanik
2.7%
BurundiKayanza
2.7%
VietnamKon Tum
2.7%
AzerbaijanKhirdalan
2.7%
AlgeriaKhenchela
2.7%
JordanKhuraybat as-Sūq
2.7%
Rep. of CongoKinkala
2.2%
YemenKhamr
2.2%
GreenlandKangaatsiaq
1.8%
ComorosKoimbani
1.8%
MaltaKalkara
1.8%
MaldivesKulhudhuffushi
1.8%
LuxembourgKäerjeng
1.8%
KiribatiKiebu
1.3%
OmanKhaḍrā' ās-Sa'd
1.3%
EthiopiaKembolcha
1.3%
UzbekistanKattakurgan
1.3%
Cook Isl.Kimiangatau
0.9%
UruguayKiyú – Ordeig
0.9%
SpainKarrantza Harana
0.9%
LaosKenethao
0.9%
SurinameKoewarasan
0.9%
SyriaKhan Shaykhun
0.9%
HondurasKrausirpi
0.4%
SwazilandKwaluseni
0.4%
GambiaKunkujang
0.4%
CyprusKáto Polemídia
0.4%
Sri LankaKaduwela
0.4%
Remove Ads.
Support Sporcle.
Get the best of Sporcle when you Go Orange. This ad-free experience offers more features, more stats, and more fun while also helping to support Sporcle. Thank you for becoming a member.

You're not logged in!

Compare scores with friends on all Sporcle quizzes.
OR
Log In

Show Comments

Extras

Top Quizzes Today


Score Distribution

Your Account Isn't Verified!

In order to create a playlist on Sporcle, you need to verify the email address you used during registration. Go to your Sporcle Settings to finish the process.

Report this User

Report this user for behavior that violates our Community Guidelines.

Details: